000 00471nam a2200169Ia 4500
005 20250923144904.0
008 008 250917s9999 xx 000 0 eng d
037 _aTextual
040 _aDSWL
_beng
_cDSWL
041 _aeng
_2eng
084 _aYXpI;N28, N54
_qDSWL
245 0 _aSelf help in social welfare
_cby I.C.S.W.
260 _aToronto
_bI.C.S.W.
_c1954
300 _aiii,342p.
942 _cTEXL
_hYXpI;N28, N54
999 _c1444620
_d1444620